[Event "FIN-ch"]
[Site "Helsinki"]
[Date "1988.??.??"]
[Round "10"]
[White "Lindstedt, Johan"]
[Black "Rantanen, Yrjo A"]
[Result "1-0"]
[WhiteElo "2265"]
[BlackElo "2375"]

1.d4 Nf6 2.Nf3 e6 3.c4 Bb4+ 4.Nbd2 a5 5.g3 b6 6.Bg2 Bb7 7.O-O O-O 8.Qc2 Nc6
9.b3 a4 10.Bb2 d5 11.Rfd1 Ra5 12.Rac1 Qa8 13.cxd5 Rxd5 14.Nc4 axb3 15.axb3 Be7
16.Nce5 Rd6 17.Ra1 Qb8 18.Rdc1 Nxe5 19.Nxe5 Bxg2 20.Kxg2 c5 21.dxc5 bxc5
22.Nc4 Rd7 23.Bxf6 Bxf6 24.Rab1 Rfd8 25.Rd1 Rd5 26.Ne3 Rxd1 27.Rxd1 Bd4 28.Nc4 Qb7+
29.Kg1 Rb8 30.e3 Bf6 31.Rd3 g6 32.Nd6 Qc6 33.Ne4 Be7 34.Rc3 Ra8 35.Qb1 Qb5
36.Nd2 Bf6 37.Rc1 Qe2 38.Qc2 Be7 39.Ne4 Qxc2 40.Rxc2 Ra5 41.Kg2 Rb5 42.Kf3 f5
43.Nd2 e5 44.e4 Bg5 45.Ke2 Kf7 46.Rc3 Ke6 47.f3 Ra5 48.Rc2 h5 49.Nc4 Ra1
50.Ne3 Be7 51.Nd5 Bd6 52.Nb6 f4 53.gxf4 exf4 54.Kf2 Be5 55.Kg2 Bd4 56.Nd5 Ke5
57.Ne7 Kf6 58.Nd5+ Ke5 59.Ne7 g5 60.Nc6+ Kd6 61.Nxd4 cxd4 62.Rc8 Ra2+ 63.Kg1 Rd2
64.h3 d3 65.b4 g4 66.hxg4 h4 67.Rd8+ Kc6 68.Rd5 h3 69.Kh1 Rd1+ 70.Kh2 d2
71.g5 Rf1 72.Rxd2 Rxf3 73.Rd5 Re3 74.Rf5 Rxe4 75.g6  1-0

[Event "JUG-ch"]
[Site "?"]
[Date "1988.??.??"]
[Round "?"]
[White "Drasko, Milan"]
[Black "Cebalo, Miso"]
[Result "0-1"]
[WhiteElo "2465"]
[BlackElo "2515"]

1.d4 Nf6 2.c4 e6 3.Nf3 Bb4+ 4.Nbd2 b6 5.g3 Bb7 6.Bg2 O-O 7.O-O a5 8.Qc2 c5
9.dxc5 Bxc5 10.e4 d6 11.b3 Nc6 12.a3 Rc8 13.Bb2 e5 14.Qd3 Qe7 15.Rfe1 g6
16.Bh3 Rb8 17.Nb1 h5 18.Nc3 Nd4 19.Nxd4 Bxd4 20.Nd5 Bxd5 21.Bxd4 Bxc4 22.Qxc4 b5
23.Qd3 exd4 24.Qxd4 Rfe8 25.f3 b4 26.a4 Nh7 27.f4 Nf6 28.e5 dxe5 29.Rxe5 Rbd8
30.Qe3 Qd6 31.Re1 Kg7 32.Kf2 Qc6 33.Kg1 Qc2 34.Re2  0-1

[Event "URS-FL56"]
[Site "Klaipeda"]
[Date "1988.??.??"]
[Round "?"]
[White "Gelfand, Boris"]
[Black "Ionov, Sergey"]
[Result "1-0"]
[WhiteElo "2585"]
[BlackElo "2360"]

1.d4 Nf6 2.c4 e6 3.Nf3 Bb4+ 4.Nbd2 b6 5.a3 Bxd2+ 6.Qxd2 Bb7 7.e3 d6 8.b4 Nbd7
9.Bb2 O-O 10.Be2 Ne4 11.Qd3 f5 12.O-O Qf6 13.Nd2 Rae8 14.f3 Ng5 15.a4 Qg6
16.Qc2 c5 17.bxc5 bxc5 18.Kh1 Qh6 19.a5 Nf6 20.dxc5 Nh5 21.Kg1 dxc5 22.f4 Ne4
23.Bf3 Qg6 24.Nxe4 Bxe4 25.Bxe4 fxe4 26.Ba3 Qf5 27.Rab1 Nf6 28.h3 h5 29.Rb7 Rf7
30.Qb2 Rd8 31.Rxf7 Kxf7 32.Qe5 a6 33.Bxc5 Rc8 34.Bd4 Rxc4 35.Qd6 Qb5 36.Qb6 Qc6
37.Qa7+ Kg6 38.Kh2 Rc2 39.Qb8 Qc4 40.f5+  1-0

[Event "Kobanya op"]
[Site "Kobanya"]
[Date "1988.??.??"]
[Round "?"]
[White "Varasdy, Imre"]
[Black "Franzoni, Giancarlo"]
[Result "0-1"]
[WhiteElo "2350"]
[BlackElo "2435"]

1.d4 Nf6 2.c4 e6 3.Nf3 Bb4+ 4.Nbd2 b6 5.g3 Ba6 6.Qc2 c5 7.Bg2 Nc6 8.dxc5 Bxc5
9.O-O Rc8 10.b3 d5 11.Bb2 dxc4 12.bxc4 O-O 13.Qa4 Bb7 14.Rfd1 Qe7 15.Nb3 Ne4
16.Nxc5 Nxc5 17.Qc2 Rfd8 18.Bc3 Nb8 19.Rxd8+ Rxd8 20.Rd1 Be4 21.Rxd8+ Qxd8
22.Qc1 Nc6 23.Qa1 f6 24.Bh3 Bg6 25.Nd4 Nxd4 26.Bxd4 Qd6 27.f4 Be4 28.Qc3 Kf7
29.Bg4 Bb7 30.Qe3 Ba6 31.Bxc5 bxc5 32.Qa3 Qd4+ 33.Kg2 Qxc4 34.Bf3 Qb5 35.h4 Qb6
36.Qa4 Bb5 37.Qe4 f5 38.Qa8 Be8 39.Bh5+ g6 40.Bf3 Qc7 41.e4 Ke7 42.g4 fxg4
43.Bxg4 c4 44.Bd1 Bc6 45.Qh8 Qxf4 46.Qxh7+ Kd6 47.Bf3 Bxe4 48.Bxe4 Qxe4+
49.Kf2 Qd4+ 50.Kg2 c3 51.Qxg6 Qd2+ 52.Kh3 c2 53.Qg3+ Ke7  0-1

[Event "Le Touquet op"]
[Site "Le Touquet"]
[Date "1988.??.??"]
[Round "4"]
[White "Flear, Glenn C"]
[Black "Hoffmann, An"]
[Result "0-1"]
[WhiteElo "2460"]
[BlackElo "2330"]

1.d4 Nf6 2.c4 e6 3.Nf3 Bb4+ 4.Nbd2 d5 5.a3 Be7 6.Qc2 Nbd7 7.e4 dxe4 8.Nxe4 Nxe4
9.Qxe4 Nf6 10.Qc2 O-O 11.Bd3 b6 12.Be3 c5 13.O-O-O Qc7 14.Ne5 Rd8 15.Qc3 Bb7
16.f3 cxd4 17.Bxd4 Rac8 18.Kb1 Bc5 19.Bxc5 Qxc5 20.Rhe1 Qc7 21.g4 b5 22.cxb5 Qxc3
23.bxc3 Nd5 24.Kb2 f6 25.Nc6 Bxc6 26.bxc6 Rxc6 27.c4 Rb8+ 28.Ka1 Ra6 29.Bb1 Nc3
30.Rd2 Nxb1  0-1

[Event "Liechtenstein op"]
[Site "Liechtenstein"]
[Date "1988.??.??"]
[Round "?"]
[White "Fecht, Hans Peter"]
[Black "Dizdar, Goran"]
[Result "0-1"]
[WhiteElo "2265"]
[BlackElo "2490"]

1.d4 Nf6 2.Nf3 e6 3.c4 Bb4+ 4.Nbd2 O-O 5.a3 Be7 6.e3 c5 7.Be2 b6 8.b3 Bb7
9.O-O cxd4 10.Nxd4 a6 11.Bb2 Qc7 12.Bf3 Nc6 13.Nxc6 Bxc6 14.Qe2 Rfc8 15.Rfc1 Rab8
16.Rc2 d6 17.Bxc6 Qxc6 18.Rac1 Rc7 19.e4 Rbc8 20.e5 dxe5 21.Bxe5 Rd7 22.Bb2 Rcd8
23.h3 a5 24.c5 bxc5 25.Nc4 Qb5 26.Bc3 Nd5 27.Bxa5 Ra8 28.Bc3 Qxb3 29.Ba1 Rdd8
30.Rb2 Qa4 31.Rb7 Ra7 32.Rxa7 Qxa7 33.Qc2 Bf6 34.Bxf6 Nxf6 35.Rb1 h6 36.a4 Nd5
37.Rd1 Rb8 38.a5 Qa6 39.Ra1 Nb4 40.Qc3 Nc6 41.Nb6 Qb5 42.Nd7 Ra8 43.Qxc5 Qxc5
44.Nxc5 Rxa5 45.Rc1 Nd4 46.Rc4 e5 47.Nd7 f6 48.Rc7 Nb5 49.Rb7 Nd6 50.Rb6 Ra1+
51.Kh2 Rd1 52.Nc5 Rd2 53.Kg1 Rd1+ 54.Kh2 Rd2 55.Kg1 h5 56.g3 Kh7 57.Ra6 Nf5
58.Ra7 Kh6 59.Ra6 Rd5 60.Ne4 Nd4 61.Kg2 Kg6 62.Rb6 Rb5 63.Ra6 Rb2 64.Nd6 h4
65.Nc4 Rb5 66.Nd6 Rb2 67.Nc4 Rb5 68.Nd6 Rb3 69.gxh4 Ne2 70.Nc4 Nf4+ 71.Kg1 Nxh3+
72.Kh2 Nxf2 73.Nxe5+ Kh5 74.Kg2 Ne4 75.Nc6 Kxh4 76.Ra4 f5 77.Nd4 Rb2+ 78.Kf3 Kg5
79.Ra5 g6 80.Ne6+ Kf6 81.Nf4 Nd2+ 82.Kg3 Ne4+ 83.Kf3 Rb3+ 84.Ke2 Kg5 85.Nd3 Rc3
86.Ne1 Kg4 87.Nd3 Ng3+ 88.Ke3 g5 89.Kd4 Ne2+ 90.Ke3 Nf4 91.Ra4 Rxd3+  0-1

[Event "Lloyds Bank op"]
[Site "London"]
[Date "1988.??.??"]
[Round "?"]
[White "Wilder, Michael"]
[Black "Arkell, Keith C"]
[Result "1-0"]
[WhiteElo "2505"]
[BlackElo "2430"]

1.d4 Nf6 2.c4 e6 3.Nf3 Bb4+ 4.Nbd2 b6 5.a3 Bxd2+ 6.Bxd2 Bb7 7.Bg5 d6 8.e3 Nbd7
9.Bd3 h6 10.Bh4 g5 11.Bg3 Ne4 12.Rc1 h5 13.Bxe4 Bxe4 14.h3 h4 15.Bh2 g4 16.hxg4 h3
17.Bg3 Qf6 18.Ng1 Bxg2 19.Rh2 e5 20.f3 O-O-O 21.Kf2 exd4 22.Qxd4 Ne5 23.Bf4 Qg6
24.Ke2 f5 25.g5 Qh5 26.Qd5 Kb8 27.Kf2 Qh4+ 28.Ke2 Rhe8 29.Kd2 Qf2+ 30.Kc3 Ng6
31.Qd2 Qh4 32.Nxh3 Nxf4 33.exf4 Bxf3 34.Ng1 Qg4 35.Rf2 Bc6 36.Kb3 Re4 37.Ne2 Rde8
38.Nc3 Re3 39.Ka2 Qg3 40.Rff1 Rd3 41.Qc2 Ree3 42.Qf2 Qh3 43.Rfd1 Rxd1 44.Rxd1 Rf3
45.Qd4 Qh2 46.g6 Rg3 47.Nd5 Bxd5 48.Qxd5 Rg2 49.Rb1 a5 50.g7 Qg3 51.Re1 Rxb2+
52.Kxb2 Qf2+ 53.Kb3 a4+ 54.Kxa4 Qc2+ 55.Kb5 Qb2+ 56.Kc6  1-0

[Event "Lugano op"]
[Site "Lugano"]
[Date "1988.??.??"]
[Round "?"]
[White "Cramling, Pia"]
[Black "Mednis, Edmar John"]
[Result "1-0"]
[WhiteElo "2435"]
[BlackElo "2440"]

1.d4 Nf6 2.c4 e6 3.Nf3 Bb4+ 4.Nbd2 b6 5.a3 Bxd2+ 6.Bxd2 Bb7 7.Bg5 d6 8.e3 Nbd7
9.Qc2 h6 10.Bh4 g5 11.Bg3 Qe7 12.O-O-O Ne4 13.Bd3 Ndf6 14.Kb1 O-O-O 15.Ne1 Kb8
16.f3 Nxg3 17.hxg3 c5 18.Be2 h5 19.Qc3 g4 20.dxc5 bxc5 21.Nd3 e5 22.Nc1 Rhg8
23.Rhg1 d5 24.cxd5 Nxd5 25.Qb3 Rd6 26.Qa4 Rb6 27.Na2 Bc6 28.Qa5 Nxe3 29.Rc1 Rc8
30.Ka1 Bb7 31.Nc3 Nf5 32.Nb5 Bc6 33.Rxc5 Bxb5 34.Rxc8+ Kxc8 35.Bxb5 Nd4 36.Bc4 Qc7
37.Qa4 Kd8 38.Rd1 Rd6 39.Ka2 Ke7 40.Re1 Rc6 41.Bd5 Rc1 42.Rxc1 Qxc1 43.Qxa7+ Kd6
44.Bxf7 Qc8 45.Qa5 Ke7 46.Qa7+ Kd6 47.f4 Nf5 48.Qa5 exf4 49.gxf4 Ke7 50.Bb3 Kf6
51.Qe5+ Kg6 52.Qd5 Qf8 53.Bc2 Qc8 54.Bb3 Qf8 55.a4 h4 56.Bc2 Qc8 57.Bd3 h3
58.gxh3 gxh3 59.a5 Kf6 60.a6 Ne7 61.Qd4+ Kf7 62.Bc4+ Kg6 63.Qd6+ Kf5 64.Qe5+  1-0

[Event "Mendrisio op"]
[Site "Mendrisio"]
[Date "1988.??.??"]
[Round "6"]
[White "Cebalo, Miso"]
[Black "Gruenenwald, Joerg"]
[Result "1-0"]
[WhiteElo "2510"]
[BlackElo "2345"]

1.d4 Nf6 2.Nf3 e6 3.c4 Bb4+ 4.Nbd2 b6 5.a3 Bxd2+ 6.Bxd2 Bb7 7.Bg5 h6 8.Bh4 d6
9.e3 Nbd7 10.Be2 Qe7 11.Rc1 O-O 12.b4 c5 13.O-O Rfd8 14.Qb3 Rac8 15.bxc5 dxc5
16.Rfd1 cxd4 17.exd4 e5 18.d5 Qd6 19.Bf1 Re8 20.Re1 Nc5 21.Qb2 Nfe4 22.Bg3 f6
23.Nh4 Qd7 24.Qc2 f5 25.f3 Nxg3 26.hxg3 e4 27.g4 f4 28.fxe4 Qxg4 29.Nf3 g5
30.e5 Qh5 31.e6 Nxe6 32.dxe6 Bxf3 33.gxf3 Rc6 34.Qf5 Rc5 35.Qg4 Qg6 36.e7 h5
37.Qe6+ Qxe6 38.Rxe6 Kf7 39.Rce1 Rc7 40.Bd3 Rexe7 41.Bg6+ Kf8 42.Rxe7 Rxe7
43.Rxe7 Kxe7 44.Bxh5 Kd6 45.Kg2 Kc5 46.Bf7  1-0

[Event "URS-ch sf"]
[Site "Minsk"]
[Date "1988.??.??"]
[Round "?"]
[White "Kveinys, Aloyzas"]
[Black "Vitolinsh, Alvis"]
[Result "1/2-1/2"]
[WhiteElo "2345"]
[BlackElo "2415"]

1.d4 Nf6 2.c4 e6 3.Nf3 Bb4+ 4.Nbd2 c5 5.a3 Bxd2+ 6.Bxd2 cxd4 7.Nxd4 d5 8.cxd5 Qxd5
9.e3 a6 10.Qb3 e5 11.Qxd5 Nxd5 12.Nb3 b6 13.Bc4 Be6 14.e4 Nc7 15.Rc1 Nd7
16.Ke2 Ke7 17.Bxe6 Nxe6 18.Rc4 Rhc8 19.Rhc1 Rxc4 20.Rxc4 a5 21.Be3 Kd6  1/2-1/2

[Event "URS-ch sf"]
[Site "Minsk"]
[Date "1988.??.??"]
[Round "?"]
[White "Basin, Leonid"]
[Black "Vitolinsh, Alvis"]
[Result "0-1"]
[WhiteElo "2350"]
[BlackElo "2415"]

1.d4 Nf6 2.c4 e6 3.Nf3 Bb4+ 4.Nbd2 c5 5.e4 b6 6.Be2 Bb7 7.O-O O-O 8.a3 Bxd2
9.Qxd2 d6 10.b3 Nbd7 11.Bb2 Nxe4 12.Qc2 cxd4 13.Nxd4 Qg5 14.Nf3 Qg6 15.Rad1 Rac8
16.Nd2 Nc3 17.Qxg6 Nxe2+ 18.Kh1 fxg6 19.Rde1 b5 20.Rxe2 bxc4 21.Nxc4 Ba6
22.Rc1 d5 23.Rd2 Nf6 24.Ne5 Ne4 25.Rdc2 Nxf2+ 26.Kg1 Rxc2 27.Rxc2 Nd1 28.h3 Nxb2
29.Rxb2 Rf1+ 30.Kh2 Re1 31.Rc2 Re3 32.Rc6 Rxe5 33.Rxa6 d4 34.Kg1 Re3 35.b4 d3
36.Rd6 e5 37.a4 Kf7 38.b5 Ke7 39.Rd5 Ke6 40.Rd8 e4 41.a5 Re1+ 42.Kf2 Re2+
43.Kf1 Rb2  0-1

[Event "URS-ch sf"]
[Site "Moscow"]
[Date "1988.??.??"]
[Round "11"]
[White "Gorelov, Sergey G"]
[Black "Kholmov, Ratmir D"]
[Result "1/2-1/2"]
[WhiteElo "2440"]
[BlackElo "2450"]

1.d4 Nf6 2.c4 e6 3.Nf3 Bb4+ 4.Nbd2 b6 5.e3 Bb7 6.Bd3 c5 7.a3 Bxd2+ 8.Bxd2 d6
9.Bc3 Nbd7 10.O-O O-O 11.Nd2 cxd4 12.Bxd4 Qe7  1/2-1/2

[Event "Munich"]
[Site "Munich"]
[Date "1988.??.??"]
[Round "?"]
[White "Hertneck, Gerald"]
[Black "Hecht, Hans Joachim"]
[Result "0-1"]
[WhiteElo "2465"]
[BlackElo "2445"]

1.d4 Nf6 2.c4 e6 3.Nf3 Bb4+ 4.Nbd2 O-O 5.a3 Be7 6.e4 d5 7.e5 Nfd7 8.cxd5 exd5
9.Bd3 c5 10.O-O Nc6 11.Re1 a5 12.Nf1 cxd4 13.Bc2 Re8 14.Ng3 Nf8 15.Nxd4 Bc5
16.Nxc6 bxc6 17.Be3 Bb6 18.Bxb6 Qxb6 19.Rb1 Ra7 20.Bf5 Be6 21.Qg4 Rae7 22.Re2 Rd7
23.h4 c5 24.h5 h6 25.Kh2 c4 26.Rd1 d4 27.Bxe6 Nxe6 28.f4 d3 29.Re4 Qxb2 30.Rxc4 Rd4
31.Rxd4 Qxd4 32.Rf1 d2 33.Nf5 Qc4 34.Qd1 Rb8 35.Nd6 Qd4 36.Kg3 a4 37.Kg4 Rb3
38.Nf5 Qd3 39.Rf3 Qd7 40.Kg3 Nd4  0-1

[Event "Munich"]
[Site "Munich"]
[Date "1988.??.??"]
[Round "?"]
[White "Van der Sterren, Paul"]
[Black "Hecht, Hans Joachim"]
[Result "1-0"]
[WhiteElo "2470"]
[BlackElo "2445"]

1.d4 Nf6 2.c4 e6 3.Nf3 Bb4+ 4.Nbd2 O-O 5.a3 Bxd2+ 6.Bxd2 d6 7.Bg5 Nbd7 8.e3 b6
9.Be2 Bb7 10.O-O Qe7 11.Nd2 e5 12.d5 h6 13.Bh4 Rfe8 14.Ne4 g5 15.Nxf6+ Nxf6
16.Bg3 Ne4 17.Bg4 Bc8 18.Bxc8 Raxc8 19.Qg4 Nd2 20.Rfe1 Rf8 21.b4 f5 22.Qe2 Ne4
23.f3 Nxg3 24.hxg3 e4 25.Rad1 Rce8 26.f4 gxf4 27.gxf4 Qh4 28.Qf2 Qg4 29.Qe2 Qg6
30.c5 Re7 31.cxd6 cxd6 32.Rc1 Rg7 33.Rc6 Kh7 34.Rec1 Rfg8 35.Rc7 h5 36.Qf2 Kh6
37.Rxg7 Rxg7 38.Rc6 Qf6 39.Kh2 Rg4 40.Qe1 Qg6 41.Qa1 Rxg2+ 42.Kh1 Qg7 43.Rxd6+ Kh7
44.Qxg7+ Rxg7 45.Kh2 Rc7 46.Rc6 Rd7 47.Kh3 Rxd5 48.Kh4 Rd3 49.Kxh5 Rxe3 50.Rc7+ Kg8
51.Kg5 Rg3+ 52.Kxf5 Rxa3 53.b5 a6 54.Ra7 a5 55.Kxe4 Rb3 56.Kf5 Kf8 57.Kf6 Ke8
58.Ke6 Re3+ 59.Kd6 Rf3 60.f5 Rc3 61.Rb7 Rh3 62.Ke6 Re3+ 63.Kd5 a4 64.Rxb6 a3
65.Ra6 Kd7 66.Ra7+ Kc8 67.f6 Kb8 68.b6 Rf3 69.Ke6 Re3+ 70.Kf7 Rb3 71.Kg7 Rg3+
72.Kf8 Rf3 73.f7 Re3 74.Kg7 Rg3+ 75.Kf6 Rf3+ 76.Ke7 Re3+ 77.Kd8 Rd3+ 78.Ke8  1-0

[Event "New York op"]
[Site "New York"]
[Date "1988.??.??"]
[Round "?"]
[White "Browne, Walter S"]
[Black "Ivanovic, Bozidar"]
[Result "0-1"]
[WhiteElo "2530"]
[BlackElo "2530"]

1.d4 Nf6 2.c4 e6 3.Nf3 Bb4+ 4.Nbd2 O-O 5.a3 Be7 6.e4 d5 7.e5 Nfd7 8.cxd5 exd5
9.Bd3 Re8 10.O-O c5 11.Re1 Nc6 12.h3 a5 13.Bc2 Qc7 14.Nf1 cxd4 15.Bf4 Nc5
16.Nxd4 Nxd4 17.Qxd4 Ne6 18.Qd3 g6 19.Bg3 d4 20.Nd2 Bd7 21.Bb3 Qb6 22.Ne4 Nc5
23.Nxc5 Bxc5 24.Rac1 Rac8 25.Qf3 Be6 26.Bxe6 fxe6 27.Rc2 Be7 28.Rec1 Rxc2
29.Rxc2 Rd8 30.Qd3 a4 31.Bf4 Rd5 32.Rc8+ Rd8 33.Rxd8+ Qxd8 34.Qc4 Qd7 35.f3 d3
36.Bd2 b6 37.Kf1 Bc5 38.Ke1 Kf7 39.Bc3 Be3 40.Qe4 Bc1 41.Kd1 Bh6 42.Qh4 Kg7
43.Qb4 b5 44.Qe4 Kf7 45.Qh4 Kg7 46.Qe4 Kf7 47.f4 Qa7 48.Qxd3 Bxf4 49.Ke2 Qb7
50.g3 Bg5 51.h4 Be7 52.Qe3 Qg2+ 53.Kd1 Qd5+ 54.Kc1 Bc5 55.Qf4+ Kg8 56.Kc2 Qb3+
57.Kd2 Bf8 58.g4 Qd5+ 59.Kc2 Qg2+ 60.Bd2 Qc6+ 61.Bc3 Be7 62.h5 Qg2+ 63.Bd2 gxh5
64.gxh5 Qh3 65.h6 Qf5+ 66.Qxf5 exf5 67.e6 Kf8 68.Kc3 Bc5 69.Bg5 Ke8 70.Bf6 f4
71.Kd3 f3 72.Bh4 f2 73.Ke2 Bd4 74.Bxf2 Bxb2 75.Bc5 Bc1 76.Kd3 Bxh6 77.Kc3 Bf8
78.Bxf8 Kxf8 79.Kd4  0-1

[Event "SWE-ch"]
[Site "Norrkoeping"]
[Date "1988.??.??"]
[Round "?"]
[White "Ingbrandt, Johan"]
[Black "Bergstrom, Christer"]
[Result "1/2-1/2"]
[WhiteElo "2335"]
[BlackElo "2420"]

1.d4 Nf6 2.c4 e6 3.Nf3 Bb4+ 4.Nbd2 c5 5.e3 b6 6.a3 Bxd2+ 7.Qxd2 cxd4 8.Nxd4 O-O
9.Be2 Bb7 10.O-O d5 11.cxd5 Qxd5 12.Bf3 Ne4 13.Bxe4 Qxe4 14.f3 Qd5  1/2-1/2

[Event "Novi Sad op"]
[Site "Novi Sad"]
[Date "1988.??.??"]
[Round "5"]
[White "Petronic, Jovan"]
[Black "Petrienko, Vladimir"]
[Result "1/2-1/2"]
[WhiteElo "2280"]
[BlackElo "2425"]

1.d4 Nf6 2.c4 e6 3.Nf3 Bb4+ 4.Nbd2 b6 5.a3 Bxd2+ 6.Qxd2 Bb7 7.e3 O-O 8.Be2 d6
9.b4 Nbd7 10.Bb2 Ne4 11.Qc2 f5 12.O-O Qe7 13.Ne1 Rae8 14.a4  1/2-1/2

[Event "Novi Sad op"]
[Site "Novi Sad"]
[Date "1988.??.??"]
[Round "7"]
[White "Indjic, Dusan"]
[Black "Glisic, Vojislav"]
[Result "1-0"]
[WhiteElo "2375"]
[BlackElo "2265"]

1.d4 Nf6 2.c4 e6 3.Nf3 Bb4+ 4.Nbd2 b6 5.e3 Bb7 6.Bd3 O-O 7.O-O d5 8.a3 Be7
9.b3 Nbd7 10.Bb2 Re8 11.Rc1 Bf8 12.Qe2 c5 13.Rfd1 cxd4 14.exd4 Bd6 15.Ne5 a5
16.Ndf3 Ne4 17.Nxd7 Qxd7 18.cxd5 exd5 19.Bb5 Qe7 20.Bxe8 Rxe8 21.Qb5 g5 22.Re1 Bf4
23.Rc2 g4 24.Ne5 Ra8 25.Qd7  1-0

[Event "Oslo"]
[Site "Oslo"]
[Date "1988.??.??"]
[Round "?"]
[White "Ostenstad, Berge"]
[Black "Haugli, Petter"]
[Result "1-0"]
[WhiteElo "2410"]
[BlackElo "2350"]

1.d4 Nf6 2.Nf3 e6 3.c4 Bb4+ 4.Nbd2 d5 5.a3 Be7 6.Qc2 O-O 7.e4 dxe4 8.Nxe4 Nxe4
9.Qxe4 f5 10.Qc2 c5 11.dxc5 a5 12.b3 Bxc5 13.Bb2 Nc6 14.Ne5 Qc7 15.Nxc6 bxc6
16.Be2 e5 17.O-O Bd7 18.Bc3 e4 19.Kh1 Rae8 20.f4 Be3 21.Rad1 Bc8 22.Bd2 Bxd2
23.Qxd2 Rd8 24.Qe3 Qe7 25.c5 Be6 26.Qc3 Qc7 27.Rxd8 Rxd8 28.g3 Qf7 29.Qxa5 Re8
30.Qc3 Bxb3 31.a4 e3 32.a5 Bd5+ 33.Kg1 Qe6 34.Qd4 Qf7 35.a6 Re4 36.Qb2 Qa7
37.Qb6 Qxb6 38.cxb6 Rb4 39.a7 c5 40.Bf3  1-0

[Event "World op"]
[Site "Philadelphia"]
[Date "1988.??.??"]
[Round "?"]
[White "Gulko, Boris F"]
[Black "Reshevsky, Samuel Herman"]
[Result "1/2-1/2"]
[WhiteElo "2595"]
[BlackElo "2465"]

1.d4 Nf6 2.c4 e6 3.Nf3 Bb4+ 4.Nbd2 b6 5.a3 Bxd2+ 6.Bxd2 Ne4 7.Be3 Bb7 8.g3 d6
9.Bg2 Nd7 10.Qc2 Nef6 11.O-O O-O 12.Rad1 Be4 13.Qc3 g5 14.b3 Qb8 15.a4 c5
16.Bc1 d5 17.cxd5 Bxd5 18.Bb2 Rc8  1/2-1/2

[Event "Rubinstein mem"]
[Site "Polanica Zdroj"]
[Date "1988.??.??"]
[Round "2"]
[White "Matlak, Marek"]
[Black "Petrosian, Arshak B"]
[Result "1/2-1/2"]
[WhiteElo "2420"]
[BlackElo "2460"]

1.d4 Nf6 2.Nf3 e6 3.c4 Bb4+ 4.Nbd2 b6 5.g3 Bb7 6.Bg2 O-O 7.O-O c5 8.dxc5 Bxc5
9.a3 Be7 10.b3 d6 11.Bb2 Qc7 12.Re1  1/2-1/2

[Event "Porz"]
[Site "Porz"]
[Date "1988.??.??"]
[Round "?"]
[White "Bayer, Ernst Wolfgang"]
[Black "Ostermeyer, Peter"]
[Result "1/2-1/2"]
[WhiteElo "2370"]
[BlackElo "2450"]

1.d4 Nf6 2.c4 e6 3.Nf3 Bb4+ 4.Nbd2 b6 5.a3 Bxd2+ 6.Qxd2 Bb7 7.e3 O-O 8.Be2 Ne4
9.Qc2 f5 10.O-O Rf6 11.Rd1 d6 12.b4 Nd7 13.Bb2 Rh6 14.c5 Bd5 15.Bc4 Ndf6
16.Bxd5 Nxd5 17.cxd6 cxd6 18.Rac1 g5 19.Qc6 g4 20.Nd2 Nxd2 21.Rxd2 Rb8 22.Rdc2 Rf6
23.Qa4 Rf7 24.Qa6 Kg7 25.Qd3 Qg5 26.Rc6 Rd8 27.R1c2 h5 28.Bc1 Qg6 29.Bd2 h4
30.Be1 Nf6 31.Kf1 Ne4 32.f3 h3 33.Qe2 hxg2+ 34.Qxg2 Ng5 35.Bh4 Rdd7 36.Bxg5 Qxg5
37.f4 Qh4 38.Rc8 e5 39.Qg3 Qxg3 40.hxg3 exd4 41.exd4 Rfe7  1/2-1/2

[Event "ROM-ch"]
[Site "Predeal"]
[Date "1988.??.??"]
[Round "12"]
[White "Ionescu, Constantin"]
[Black "Stoica, Valentin"]
[Result "1-0"]
[WhiteElo "2465"]
[BlackElo "2445"]

1.d4 Nf6 2.c4 e6 3.Nf3 Bb4+ 4.Nbd2 b6 5.a3 Bxd2+ 6.Bxd2 Bb7 7.Bg5 h6 8.Bh4 d6
9.e3 Nbd7 10.Be2 Qe7 11.O-O g5 12.Bg3 h5 13.h4 gxh4 14.Bxh4 Rg8 15.Ne1 O-O-O
16.Bf3 e5 17.d5 e4 18.Be2 Qe5 19.Qd4 Rg6 20.Qxe5 Nxe5 21.Rd1 c5 22.dxc6 Bxc6
23.Kh1 Kc7 24.Nc2 Ba4 25.Rd2 Bxc2 26.Rxc2 Rdg8 27.Rd1 Nfg4 28.b4 Kc6 29.Rcd2 f5
30.Bf1 Nf7 31.Rd5 Nge5 32.a4 Re6 33.c5 bxc5 34.Bb5+ Kc7 35.bxc5 dxc5 36.Rxc5+ Kb6
37.Rdd5 Nd3 38.a5+ Kb7 39.Rd7+ Kb8 40.Bxd3 exd3 41.Rxf5 Nd6 42.Bg3 Rxg3 43.Rf8+ Nc8
44.fxg3 Rxe3 45.a6  1-0

[Event "Reggio Emilia8889-B"]
[Site "Reggio Emilia"]
[Date "1988.??.??"]
[Round "4"]
[White "Caposciutti, Maurizio"]
[Black "Wagman, Stuart"]
[Result "0-1"]
[WhiteElo "2270"]
[BlackElo "2215"]

1.d4 Nf6 2.c4 e6 3.Nf3 Bb4+ 4.Nbd2 O-O 5.a3 Be7 6.g3 d5 7.Bg2 c5 8.dxc5 Bxc5
9.O-O a5 10.cxd5 exd5 11.Nb3 Bb6 12.Nbd4 Nc6 13.b3 Re8 14.Bb2 Qd6 15.Qd3 Bg4
16.e3 Ne4 17.Nxc6 bxc6 18.Nd4 Bd7 19.Rac1 Rab8 20.Rc2 Bd8 21.Rfc1 c5 22.Nf3 Bf5
23.Rxc5 Nxc5 24.Qxf5 Ne4 25.Be5 Qxa3 26.Ra1 Qxb3 27.Bxb8 Qxb8 28.Qxd5 Nxf2
29.Nd4 Ng4 30.Nf5 Bb6 31.Rf1 Qa7 32.Qc6 Bxe3+ 33.Kh1 Rd8 34.Bd5 Qd7 35.Bxf7+ Qxf7
36.Nh6+ Nxh6 37.Rxf7 Nxf7 38.Kg2 g6 39.h4 Bd2 40.g4 Bb4 41.h5 Kg7 42.Qc7 Rd4
43.h6+ Kg8 44.Qc8+ Bf8 45.Kf3 Nxh6 46.Qc3 Rb4 47.Qe5 a4 48.Qe6+ Nf7 49.Ke3 a3
50.Kd3 Rxg4 51.Ke3 h5 52.Kf2 Kg7 53.Kf1  0-1

[Event "Reykjavik op"]
[Site "Reykjavik"]
[Date "1988.??.??"]
[Round "?"]
[White "Arnason, Throstur"]
[Black "Vigfusson, Thrainn"]
[Result "0-1"]
[WhiteElo "2235"]
[BlackElo "2050"]

1.d4 Nf6 2.c4 e6 3.Nf3 Bb4+ 4.Nbd2 c5 5.e3 b6 6.a3 Bxd2+ 7.Bxd2 Ne4 8.Bd3 Bb7
9.Bxe4 Bxe4 10.dxc5 bxc5 11.Bc3 f6 12.Nd2 Bg6 13.Qf3 Nc6 14.Ne4 Bxe4 15.Qxe4 O-O
16.Rd1 Qe7 17.Qd3 Rfd8 18.Qd6 Qxd6 19.Rxd6 Ne5 20.Bxe5 fxe5 21.Kd2 Kf7 22.Kc3 Ke7
23.Rhd1 a5 24.Rb6 Rdb8 25.Rdd6 Rxb6 26.Rxb6 e4 27.f4 exf3 28.gxf3 g5 29.Kd3 h5
30.Ke4 a4 31.h3 Rg8 32.Ra6 Rb8 33.Rxa4 Rxb2 34.Ra5 d6 35.Ra7+ Kf6 36.Rd7 Rb3
37.Rxd6 Rc3 38.f4 gxf4 39.Kxf4 Rxc4+ 40.e4 Rc3 41.e5+ Kf7 42.Rc6 Rxh3 43.Kg5 Rxa3
44.Rc7+ Ke8 45.Kf6 Kd8 46.Rc6 h4 47.Kxe6 Rc3 48.Rd6+ Kc7 49.Rd7+ Kc6 50.Rh7 h3
51.Ke7 Re3 52.e6 c4 53.Kf7 Kd6 54.Rh6 c3 55.e7+ Kd7 56.e8=Q+ Rxe8 57.Rxh3 Re7+
58.Kf8 c2 59.Rd3+ Ke6 60.Rc3 Rf7+ 61.Ke8 Rf2  0-1

[Event "Salamanca"]
[Site "Salamanca"]
[Date "1988.??.??"]
[Round "11"]
[White "Rivas Pastor, Manuel"]
[Black "Sunye Neto, Jaime"]
[Result "0-1"]
[WhiteElo "2505"]
[BlackElo "2490"]

1.d4 Nf6 2.c4 e6 3.Nf3 Bb4+ 4.Nbd2 d5 5.Qa4+ Nc6 6.Ne5 Bd7 7.Nxc6 Bxd2+ 8.Bxd2 Bxc6
9.Qc2 dxc4 10.Qxc4 Ne4 11.Be3 Qh4 12.Qc2 f5 13.g3 Qe7 14.Bg2 Qb4+ 15.Kf1 O-O
16.f3 Nf6 17.Kf2 Rad8 18.Rhd1 Nd5 19.Qd2 Qb6 20.Bf4 Nxf4 21.gxf4 Bd5 22.b4 Qd6
23.Kg1 Bc6 24.e3 Rf6 25.Rdc1 Rg6 26.Kh1 Qe7 27.Qe1 a6 28.Rc2 Qe8 29.Rac1 Rh6
30.Qg3 Qh5 31.a4 Rf8 32.b5 axb5 33.axb5 Bxb5 34.Rxc7 Rg6 35.Qf2 Bc6 36.Ra1 Rd8
37.h3 h6 38.Kh2 Kh7 39.Rg1 Rd5 40.Bh1 Rb5 41.Bg2 Ra5 42.e4 Ra3 43.Re1 fxe4
44.fxe4 Rgg3 45.d5 Rxh3+ 46.Kg1 Rag3  0-1

[Event "Schoeneck op"]
[Site "Schoeneck"]
[Date "1988.??.??"]
[Round "8"]
[White "Bewersdorff, Oliver"]
[Black "Kosten, Anthony C"]
[Result "0-1"]
[WhiteElo "2270"]
[BlackElo "2510"]

1.d4 Nf6 2.Nf3 e6 3.c4 Bb4+ 4.Nbd2 b6 5.e3 Bb7 6.Bd3 c5 7.O-O cxd4 8.Nxd4 O-O
9.a3 Be7 10.b3 Nc6 11.N2f3 d6 12.Bb2 Ne5 13.Nxe5 dxe5 14.Nb5 a6 15.Nc3 Qc7
16.Qc2 Rad8 17.Rad1 h6 18.Ne4 Nd7 19.b4 f5 20.Ng3 Rf7 21.f3 Bd6 22.Be2 Nf8
23.Rd2 Rfd7 24.Rfd1 f4 25.exf4 exf4 26.Nf1 Be5 27.Rxd7 Rxd7 28.Rxd7 Nxd7
29.Nd2 Qd6 30.Nb3 Bxb2 31.Qxb2 e5 32.Qd2 Qc7 33.Bd3 Nf6 34.Qc3 Nd5 35.Qc1 Ne3
36.Qc3 Qe7 37.Nd2 Bc6 38.Bf1 e4 39.fxe4 Bxe4 40.Nxe4 Qxe4 41.Qd3 Qxd3 42.Bxd3 Kf7
43.g3 fxg3 44.hxg3 Ke6 45.c5 bxc5 46.bxc5 a5 47.Be4 Nc4 48.a4 Nb2 49.Bc6 Nd3
50.Kg2 Nxc5 51.Kf3 Ke5 52.Kg4 Ne4 53.Kf3 Nf6 54.Bb5 g5 55.Ke3 Kd5 56.Be2 Kc5
57.Bf3 Nd5+ 58.Ke4 Nc3+ 59.Kf5 Nxa4 60.Bd1 Nb2 61.Bc2 Kb4 62.Kg6 Kc3 63.Bb1 a4
64.Ba2 a3 65.Kxh6 Nd3 66.Kxg5 Nc1  0-1

[Event "Schoeneck op"]
[Site "Schoeneck"]
[Date "1988.??.??"]
[Round "10"]
[White "Mohr, Stefan"]
[Black "Kosten, Anthony C"]
[Result "1/2-1/2"]
[WhiteElo "2470"]
[BlackElo "2510"]

1.d4 Nf6 2.c4 e6 3.Nf3 Bb4+ 4.Nbd2 O-O 5.a3 Be7 6.e4 d5 7.Qc2 dxe4 8.Nxe4 Nbd7
9.Nxf6+ Nxf6 10.Bd3 b6 11.Be3  1/2-1/2

[Event "Rilton Cup"]
[Site "Stockholm"]
[Date "1988.??.??"]
[Round "?"]
[White "Tisdall, Jonathan D"]
[Black "Callergard, Robert"]
[Result "1/2-1/2"]
[WhiteElo "2460"]
[BlackElo "2330"]

1.d4 Nf6 2.c4 e6 3.Nf3 Bb4+ 4.Nbd2 O-O 5.a3 Bxd2+ 6.Qxd2 b6 7.e3 Bb7 8.Be2 a5
9.b3 d6 10.Bb2 Nbd7 11.O-O Ne4 12.Qc1 f5 13.Ne1 e5 14.f3 Ng5 15.f4 exf4 16.exf4 Ne4
17.Nf3 Ndf6 18.d5 Bc8 19.Nd4 Bd7 20.Qc2 Qe7 21.Rae1 Rae8 22.Bd3 Qf7 23.Bxe4 Rxe4
24.Nf3 h6 25.Rxe4 Nxe4 26.Bd4 Re8 27.Qb2 Qg6 28.b4 axb4 29.axb4 Qf7 30.Ra1 c5
31.dxc6 Bxc6 32.b5 Ba8 33.Bxb6 Qxc4 34.Bd4 Nf6 35.Bxf6 Bxf3 36.gxf3 gxf6
37.b6 Kf7 38.b7 Rg8+ 39.Kh1 Qd5 40.Qg2 Rxg2 41.b8=Q Rg7 42.Ra7+ Kg6 43.Qe8+ Kh7
44.Rxg7+ Kxg7 45.Qe7+ Kg6 46.Kg2 Qd2+  1/2-1/2

[Event "Rilton Cup"]
[Site "Stockholm"]
[Date "1988.??.??"]
[Round "?"]
[White "Bator, Robert"]
[Black "Callergard, Robert"]
[Result "1-0"]
[WhiteElo "2370"]
[BlackElo "2330"]

1.d4 Nf6 2.c4 e6 3.Nf3 Bb4+ 4.Nbd2 O-O 5.a3 Bxd2+ 6.Qxd2 b6 7.e3 Bb7 8.Bd3 Ne4
9.Qc2 f5 10.O-O c5 11.Nd2 Qh4 12.d5 exd5 13.f3 Nd6 14.b4 dxc4 15.Nxc4 Nxc4
16.Bxc4+ d5 17.Bd3 Nd7 18.Bxf5 Ne5 19.bxc5 bxc5 20.Be6+ Kh8 21.Qxc5 Ba6 22.Bb2 Bxf1
23.Bxe5 Bc4 24.e4 Qg5 25.f4 Qd8 26.Qd4 Qe7 27.exd5 Ba6 28.Re1 Qxa3 29.Bxg7+  1-0